[Event "Mecklenburg VP VL 1011"]
[Site "Mecklenburg VP"]
[Date "2010.10.10"]
[Round "1.7"]
[White "Menkhaus, Wolf Dieter"]
[Black "Moeller, Stefan"]
[Result "1-0"]
[WhiteElo "1886"]
[BlackElo "1688"]
[PlyCount "89"]
[EventDate "2010.10.10"]
[EventType "team-tourn"]
[EventRounds "9"]
[EventCountry "GER"]
[SourceTitle "EXT 2022"]
[Source "ChessBase"]
[SourceDate "2021.10.06"]
[SourceVersion "1"]
[SourceVersionDate "2021.10.06"]
[SourceQuality "1"]
[WhiteTeam "Rostock SSC 07 II"]
[BlackTeam "Rostock HSG Uni"]
[WhiteTeamCountry "GER"]
[BlackTeamCountry "GER"]

1. d4 Nf6 2. c4 e6 3. Nc3 Bb4 4. a3 Bxc3+ 5. bxc3 0-0 6. f3 d5 7. e3 c5 8. Nh3 b6 9. cxd5 exd5 10. Nf2 Re8 11. Bd3 Nc6 12. 0-0 Qc7 13. Bd2 Ne7 14. e4 Ng6 15. e5 Nd7 16. f4 Ndf8 17. f5 Ne7 18. Ng4 Nc6 19. Bh6 cxd4 20. cxd4 Kh8 21. Bxg7+ Kxg7 22. Nf6 Rxe5 23. dxe5 Qxe5 24. Nh5+ Kh8 25. Qf3 Qd4+ 26. Kh1 Ne5 27. Qf4 Qxf4 28. Nxf4 Nxd3 29. Nxd3 Ba6 30. Rfd1 Rd8 31. Rac1 Kg7 32. Rc7 Rd7 33. Rxd7 Nxd7 34. Nb4 Bc4 35. Nxd5 Nf6 36. Ne3 Bb5 37. Rc1 h5 38. Rc7 a6 39. h3 Bd3 40. Rc6 Ne4 41. Rxb6 Ng3+ 42. Kh2 h4 43. Rd6 Bb5 44. Rd4 Kf6 45. Rxh4 1-0

[Event "Mecklenburg VP LL 0910"]
[Site "Mecklenburg VP"]
[Date "2010.04.11"]
[Round "9.7"]
[White "Fechner, Frank"]
[Black "Moeller, Stefan"]
[Result "1-0"]
[WhiteElo "1797"]
[BlackElo "1675"]
[PlyCount "129"]
[EventDate "2009.10.18"]
[EventType "team-tourn"]
[EventRounds "9"]
[EventCountry "GER"]
[SourceTitle "EXT 2016"]
[Source "ChessBase"]
[SourceDate "2015.10.08"]
[SourceVersion "1"]
[SourceVersionDate "2015.10.08"]
[SourceQuality "1"]
[WhiteTeam "Ludwigslust Post SV"]
[BlackTeam "Rostock Uni"]
[WhiteTeamCountry "GER"]
[BlackTeamCountry "GER"]

1. c4 Nf6 2. Nc3 e6 3. e4 d6 4. d4 Be7 5. Nf3 0-0 6. Be2 c6 7. 0-0 d5 8. e5 Nfd7 9. Be3 dxc4 10. Bxc4 Nb6 11. Bd3 Nd5 12. Nxd5 exd5 13. Qc2 h6 14. h3 Be6 15. Nh2 c5 16. dxc5 d4 17. Bf4 Qa5 18. Be4 Nc6 19. Bxc6 bxc6 20. Rfc1 Rab8 21. Nf3 Rfd8 22. Ne1 Rd5 23. b4 Qc7 24. Nd3 Bg5 25. Bxg5 hxg5 26. Re1 Bf5 27. a3 Bxd3 28. Qxd3 Rxe5 29. Qxd4 Rd5 30. Qe3 a5 31. Rab1 Rbd8 32. Qe7 Qf4 33. Qe3 Qc7 34. Qc3 axb4 35. axb4 Qf4 36. Qe3 Qc4 37. Qe2 Qf4 38. Qg4 Qf6 39. Rbd1 Rxd1 40. Rxd1 Rxd1+ 41. Qxd1 Qf4 42. Qg4 Qb8 43. g3 Qd8 44. Qe4 Qd7 45. Kg2 Qc8 46. g4 Qd7 47. Qf5 Qd8 48. Qe4 Qd7 49. b5 cxb5 50. c6 Qc8 51. Qd5 Kf8 52. Qxb5 Qd8 53. Qc5+ Ke8 54. Qe5+ Kf8 55. c7 Qc8 56. Qd6+ Ke8 57. Qc6+ Ke7 58. Kf3 f6 59. Ke4 g6 60. Kd5 Kf7 61. Kc5 f5 62. Qd5+ Ke8 63. Qg8+ Kd7 64. Qxc8+ Kxc8 65. Kd6 1-0

[Event "Mecklenburg VP-ch"]
[Site "Nakenstorf"]
[Date "2010.04.05"]
[Round "9.14"]
[White "Kriese, Ralf"]
[Black "Moeller, Stefan"]
[Result "0-1"]
[WhiteElo "1858"]
[BlackElo "1675"]
[PlyCount "50"]
[EventDate "2010.04.01"]
[EventType "swiss"]
[EventRounds "9"]
[EventCountry "GER"]
[SourceTitle "EXT 2022"]
[Source "ChessBase"]
[SourceDate "2021.10.06"]
[SourceVersion "1"]
[SourceVersionDate "2021.10.06"]
[SourceQuality "1"]

1. e4 e5 2. Nf3 Nc6 3. Bc4 Bc5 4. Nc3 d6 5. h3 Nf6 6. d3 h6 7. Na4 Bb6 8. Nxb6 axb6 9. Be3 Na5 10. Nd2 Nxc4 11. Nxc4 Be6 12. Nd2 d5 13. exd5 Nxd5 14. 0-0 0-0 15. Qe2 f6 16. a3 Qe8 17. f4 Qg6 18. Kh2 Rae8 19. fxe5 Nxe3 20. Qxe3 Bd5 21. Qg3 Qxg3+ 22. Kxg3 Rxe5 23. Rae1 Rg5+ 24. Kh4 Rxg2 25. Nc4 Bf7 0-1

[Event "Mecklenburg VP-ch"]
[Site "Nakenstorf"]
[Date "2008.03.22"]
[Round "5"]
[White "Moeller, Stefan"]
[Black "Wulff, Jens Peter"]
[Result "1/2-1/2"]
[WhiteElo "1730"]
[BlackElo "1874"]
[PlyCount "54"]
[EventDate "2008.03.20"]
[EventType "swiss"]
[EventRounds "9"]
[EventCountry "GER"]
[SourceTitle "EXT 2010"]
[Source "ChessBase"]
[SourceDate "2010.11.25"]
[SourceVersion "1"]
[SourceVersionDate "2010.11.25"]
[SourceQuality "1"]

1. e4 c6 2. d4 Na6 3. Nc3 Nc7 4. Be3 g6 5. Qd2 Bg7 6. 0-0-0 e6 7. f4 b5 8. Nf3 Ne7 9. g4 a5 10. Bd3 Bb7 11. h4 h5 12. gxh5 Rxh5 13. Ne2 Na6 14. Ng3 Rh8 15. h5 Qc7 16. hxg6 Nxg6 17. Nh5 Rg8 18. Rdg1 0-0-0 19. Nxg7 Rxg7 20. f5 exf5 21. exf5 c5 22. fxg6 Bxf3 23. Rh7 Rxg6 24. Bxg6 fxg6 25. dxc5 Nxc5 26. Bxc5 Qxc5 27. Re1 b4 1/2-1/2

[Event "Mecklenburg VP-ch"]
[Site "Nakenstorf"]
[Date "2008.03.21"]
[Round "3"]
[White "Moeller, Stefan"]
[Black "Valet, Alexander"]
[Result "1/2-1/2"]
[WhiteElo "1730"]
[BlackElo "1553"]
[PlyCount "36"]
[EventDate "2008.03.20"]
[EventType "swiss"]
[EventRounds "9"]
[EventCountry "GER"]
[SourceTitle "EXT 2010"]
[Source "ChessBase"]
[SourceDate "2010.11.25"]
[SourceVersion "1"]
[SourceVersionDate "2010.11.25"]
[SourceQuality "1"]

1. e4 d5 2. exd5 Qxd5 3. Nc3 Qa5 4. d4 c6 5. Nf3 Nf6 6. Bd3 Bg4 7. 0-0 e6 8. Bd2 Qc7 9. h3 Bh5 10. Re1 Be7 11. Ne4 Nxe4 12. Bxe4 Nd7 13. c3 Nf6 14. Qc2 Nxe4 15. Qxe4 Bg6 16. Qe2 0-0 17. Ne5 Bf5 18. g4 Bg6 1/2-1/2

[Event "Mecklenburg VP LL2 0506"]
[Site "Mecklenburg VP"]
[Date "2006.01.15"]
[Round "5.7"]
[White "Brandstaedter, Mareen"]
[Black "Moeller, Stefan"]
[Result "1/2-1/2"]
[WhiteElo "1640"]
[BlackElo "1602"]
[PlyCount "85"]
[EventDate "2005.10.23"]
[EventType "team"]
[EventRounds "9"]
[EventCountry "GER"]
[SourceTitle "EXT 2009"]
[Source "ChessBase"]
[SourceDate "2008.11.26"]
[SourceVersion "1"]
[SourceVersionDate "2008.11.26"]
[SourceQuality "1"]
[WhiteTeam "Putlitz"]
[BlackTeam "Rostock Uni II"]
[WhiteTeamCountry "GER"]
[BlackTeamCountry "GER"]

1. e4 e5 2. Nf3 Nc6 3. Bc4 Bc5 4. d3 h6 5. c3 Nf6 6. b4 Bd6 7. 0-0 0-0 8. Re1 Ne7 9. Nh4 c6 10. Qf3 Nh7 11. Qg3 Kh8 12. d4 Qc7 13. Nf3 f6 14. dxe5 Bxe5 15. Nxe5 fxe5 16. Bb2 d6 17. Nd2 Rf6 18. Qd3 Ng6 19. Re3 Nf4 20. Qc2 Rg6 21. Rg3 Rxg3 22. hxg3 Nh5 23. Nf3 Bg4 24. Rd1 Ng5 25. Be2 Nxf3+ 26. Bxf3 Bxf3 27. gxf3 Rf8 28. Kg2 Qf7 29. Qe2 Qg6 30. Bc1 Nf4+ 31. Bxf4 exf4 32. Qd2 fxg3 33. fxg3 Qf6 34. Qe3 b6 35. Rd3 Qe6 36. Qd2 Rd8 37. a3 Qe5 38. c4 Kg8 39. Qc2 Kf7 40. Qb3 Ke7 41. Kf2 g5 42. Rd1 h5 43. b5 1/2-1/2

[Event "Mecklenburg VP LL2 0506"]
[Site "Mecklenburg VP"]
[Date "2005.10.23"]
[Round "1.8"]
[White "Moeller, Stefan"]
[Black "Zarncke, Thomas"]
[Result "0-1"]
[WhiteElo "1602"]
[BlackElo "1587"]
[PlyCount "78"]
[EventDate "2005.10.23"]
[EventType "team"]
[EventRounds "9"]
[EventCountry "GER"]
[SourceTitle "EXT 2009"]
[Source "ChessBase"]
[SourceDate "2008.11.26"]
[SourceVersion "1"]
[SourceVersionDate "2008.11.26"]
[SourceQuality "1"]
[WhiteTeam "Rostock Uni II"]
[BlackTeam "Schwerin III"]
[WhiteTeamCountry "GER"]
[BlackTeamCountry "GER"]

1. e4 c6 2. d4 d5 3. Nc3 dxe4 4. Nxe4 Nd7 5. Nf3 Ngf6 6. Ng3 Qc7 7. Bd3 e6 8. 0-0 Bd6 9. Qe2 0-0 10. Bg5 a6 11. Ne4 Be7 12. Rfe1 Re8 13. Nxf6+ Nxf6 14. Ne5 Nd5 15. Bxh7+ Kf8 16. Qf3 Nf6 17. Re4 Qd8 18. Rh4 Bd6 19. Re1 c5 20. Ree4 Bd7 21. Ref4 Bc6 22. Nxc6 bxc6 23. Bxf6 gxf6 24. Rxf6 Ra7 25. Bg6 Kg8 26. Bxf7+ Rxf7 27. Qh5 Qxf6 28. Rg4+ Kf8 29. f3 Ke7 30. dxc5 Be5 31. Rb4 Rd8 32. Rb7+ Rd7 33. Rxd7+ Kxd7 34. Qg4 Qf4 35. Qh5 Bd4+ 36. Kf1 Qc1+ 37. Ke2 Qxc2+ 38. Ke1 Re7 39. Qg4 Qxc5 0-1

[Event "Mecklenburg VP-ch U18"]
[Site "Greifswald"]
[Date "2004.02.07"]
[Round "1"]
[White "Moeller, Stefan"]
[Black "Steinke, Peter"]
[Result "1-0"]
[WhiteElo "1481"]
[BlackElo "1005"]
[PlyCount "79"]
[EventDate "2004.04.??"]
[EventType "swiss"]
[EventRounds "7"]
[EventCountry "GER"]
[SourceTitle "EXT 2005"]
[Source "ChessBase"]
[SourceDate "2004.11.15"]
[SourceVersion "1"]
[SourceVersionDate "2004.11.15"]
[SourceQuality "1"]

1. e4 c5 2. Nf3 Nc6 3. d4 cxd4 4. Nxd4 d6 5. Bb5 Bd7 6. Nc3 Nf6 7. 0-0 g6 8. Be3 Bg7 9. Qd2 0-0 10. Nxc6 Bxc6 11. Bxc6 bxc6 12. Bh6 Re8 13. Bxg7 Kxg7 14. Rfe1 Qc7 15. Rad1 Rad8 16. Qe3 Qb6 17. Qxb6 axb6 18. e5 Nd7 19. f4 d5 20. e6 Nc5 21. exf7 Kxf7 22. b4 Nb7 23. b5 cxb5 24. Rxd5 b4 25. Rxd8 Rxd8 26. Ne4 Nc5 27. Ng5+ Ke8 28. Nxh7 Rd2 29. Rb1 Ne4 30. g3 Rxc2 31. Rxb4 Nc3 32. Rxb6 Rxa2 33. Rxg6 Ne2+ 34. Kf1 Nd4 35. h4 Kf7 36. h5 Rh2 37. Ng5+ Kf8 38. h6 Nf5 39. h7 Nxg3+ 40. Kg1 1-0

[Event "Mecklenburg VP-ch U16"]
[Site "Greifswald"]
[Date "2003.02.13"]
[Round "2"]
[White "Krueger, Daniel"]
[Black "Moeller, Stefan"]
[Result "0-1"]
[WhiteElo "1213"]
[BlackElo "1192"]
[PlyCount "78"]
[EventDate "2003.02.??"]
[EventType "swiss"]
[EventRounds "7"]
[EventCountry "GER"]
[SourceTitle "EXT 2005"]
[Source "ChessBase"]
[SourceDate "2004.11.15"]
[SourceVersion "1"]
[SourceVersionDate "2004.11.15"]
[SourceQuality "1"]

1. c4 g6 2. Nc3 Bg7 3. g3 d6 4. Bg2 Nd7 5. Nf3 e5 6. 0-0 Ngf6 7. d3 0-0 8. Bd2 Re8 9. Rc1 c6 10. b4 d5 11. cxd5 cxd5 12. Nb5 Re7 13. Qc2 Nb6 14. a4 Bd7 15. Qc7 Bxb5 16. Qxd8+ Rxd8 17. axb5 e4 18. Nd4 exd3 19. exd3 Rde8 20. Bh3 Nfd7 21. Nb3 Ne5 22. Bg5 Nf3+ 23. Kg2 Nxg5 24. Bg4 h5 25. f4 hxg4 26. fxg5 Re2+ 27. Kg1 Rb2 28. Na5 Ree2 29. Rf4 Rxh2 30. Nxb7 Rhg2+ 31. Kh1 Rxg3 32. Re1 Rxd3 33. Nd6 Be5 34. Rxf7 Rh3+ 35. Kg1 Bd4+ 36. Rf2 Bxf2+ 37. Kf1 Bxe1 38. Kg1 Bxb4 39. Ne8 Bc5+ 0-1

[Event "Mecklenburg VP-ch U16"]
[Site "Greifswald"]
[Date "2003.02.13"]
[Round "1"]
[White "Moeller, Stefan"]
[Black "Riess, Alexander"]
[Result "0-1"]
[WhiteElo "1192"]
[BlackElo "1297"]
[PlyCount "76"]
[EventDate "2003.02.??"]
[EventType "swiss"]
[EventRounds "7"]
[EventCountry "GER"]
[SourceTitle "EXT 2005"]
[Source "ChessBase"]
[SourceDate "2004.11.15"]
[SourceVersion "1"]
[SourceVersionDate "2004.11.15"]
[SourceQuality "1"]

1. e4 c5 2. g3 e6 3. Bg2 d5 4. Nc3 d4 5. Nce2 Nc6 6. d3 Nf6 7. f4 Be7 8. Nf3 0-0 9. 0-0 b5 10. Bd2 Qb6 11. Qc1 c4 12. Kh1 Bb7 13. h3 Rac8 14. Qe1 cxd3 15. cxd3 Rfd8 16. g4 a5 17. Ne5 Nxe5 18. fxe5 Nd7 19. Bxa5 Qc5 20. Bxd8 Rxd8 21. Qg3 Qxe5 22. Qxe5 Nxe5 23. Rad1 Bg5 24. Nf4 b4 25. Rf2 Ba6 26. Bf1 Rc8 27. Rdd2 Rc1 28. Kg2 Bh4 29. Rfe2 g5 30. Nh5 Bxd3 31. Rxd3 Nxd3 32. Rd2 Ne1+ 33. Kh1 Nf3 34. Re2 d3 35. Re3 Rxf1+ 36. Kg2 Rf2+ 37. Kh1 d2 38. Rd3 Rh2# 0-1